01147nas a2200277Ia 4500001002400000003001000024008004100034040002500075041001300100100002400113210002300137222002300160245008100183250001100264260000900275501012300284300001400407362001700421500015500438650004200593700001100635942000700646957000600653999003300659952017700692dg56-27398 [d000003113]IT-MiCISF161014c99999999xx |||||||||||| ||und|| aIT-MiCISFcIT-MiCISF aITALIANO aCamera dei Deputati aAIAF. Osservatorio aAIAF. Osservatorio 0aLo sfruttamento sessuale dei minori: nuova forma di riduzione in schiavitù a1a ed. c1998 bCISF - Centro Internazionale Studi Famiglia - Via Giotto, 36 20145 MILANO (non commercial uses only)cCopyright 2016 app. 38-40 a n. 1 [1998] aDisegno di legge: Norme contro lo sfruttamento sessuale dei minori quale nuova forma di riduzione in schiavitù Tema: abuso-sessuale, infanzia, legge amaltrattamenti violenzavlegislazione aAA.VV. cCR 71 a27398bSig1c218516d218516 0010406DG_5627398_D00000311371aCISFbCISFd2016-10-14l0odg56-27398 [d000003113]r2016-10-14 00:00:00w2016-10-14yCRzData import 15.10.2016 / by Epidotti, Vaglietti